Country Flags Drawn by Me on Kleki - Statistics

General Stats
  • This quiz has been taken 21 times
  • The average score is 11 of 11
Answer Stats
Picture Answer % Correct
Brazil
100%
China
100%
Ireland
100%
Jamaica
100%
Japan
100%
South Korea
100%
Türkiye
100%
United Kingdom
100%
USA
100%
Israel
95%
Bangladesh
84%
No matching quizzes found
Score Distribution
Percent of People with Each Score
Percentile by Number Answered
Your Score History
You have not taken this quiz